Home Print Resources E-Books E-Journals IIMT Lecture Series Library Membership Form Book Recommendation Form Campus Tour Take AdmissionAbout Us Contact Us

HAMARI BHAVI PIDI AUR USKA NAVNIRMAN (Record no. 53907)

000 -LEADER
fixed length control field nam a22 7a 4500
003 - CONTROL NUMBER IDENTIFIER
control field OSt
005 - DATE AND TIME OF LATEST TRANSACTION
control field 20220727145526.0
008 - FIXED-LENGTH DATA ELEMENTS--GENERAL INFORMATION
fixed length control field 220727b xxu||||| |||| 00| 0 eng d
040 ## - CATALOGING SOURCE
Transcribing agency IIMT UNIVERSITY
100 ## - MAIN ENTRY--PERSONAL NAME
Personal name SHARMA, ACHARYA SHRI RAM
245 ## - TITLE STATEMENT
Title HAMARI BHAVI PIDI AUR USKA NAVNIRMAN
260 ## - PUBLICATION, DISTRIBUTION, ETC.
Place of publication, distribution, etc. MATHURA
Name of publisher, distributor, etc. AKHAND JYOTI SANSTHAN
Date of publication, distribution, etc. 1998
300 ## - PHYSICAL DESCRIPTION
Extent 000
942 ## - ADDED ENTRY ELEMENTS (KOHA)
Source of classification or shelving scheme
Koha item type Specimen
Holdings
Withdrawn status Lost status Source of classification or shelving scheme Damaged status Not for loan Home library Current library Date acquired Source of acquisition Cost, normal purchase price Barcode Date last seen Price effective from Koha item type
          IIMT University Central Library Meerut IIMT University Central Library Meerut 07/27/2022 CHAIRMAN SIR 125.00 28-S-2270 07/27/2022 07/27/2022 Religious Book
          IIMT University Central Library Meerut IIMT University Central Library Meerut 07/27/2022 CHAIRMAN SIR 125.00 28-S-2280 07/27/2022 07/27/2022 Religious Book
IIMT, Central Library. All Rights Reserved IIMT,UNIVERSITY © 2023
Implemented and Customised by I CLOUDE EMS
You Are OPAC Visitor No
free web counter

Powered by Koha